000 00300nam a22001337a 4500
008 170914b xxu||||| |||| 00| 0 eng d
020 _a9780130283177
041 _aeng
080 _24TH
_a7
100 _a44
101 _aART
245 _aA SHORT COURSE IN PHOTOGRAPHY
_cLONDON,B
942 _2udc
_cBK
999 _c27683
_d27683